Qualitative research issues of theory, method and practice (Record no. 2728)

000 -LEADER
fixed length control field 00329nam a22001337a 4500
020 ## - INTERNATIONAL STANDARD BOOK NUMBER
International Standard Book Number 9788132110385
082 ## - DEWEY DECIMAL CLASSIFICATION NUMBER
Classification number 001.42
100 ## - MAIN ENTRY--PERSONAL NAME
Personal name David Silverman (ed)
245 ## - TITLE STATEMENT
Title Qualitative research issues of theory, method and practice
250 ## - EDITION STATEMENT
Edition statement 3rd
260 ## - PUBLICATION, DISTRIBUTION, ETC.
Place of publication, distribution, etc. India
Name of publisher, distributor, etc. Sage publications
Date of publication, distribution, etc. 2011
300 ## - PHYSICAL DESCRIPTION
Extent 450p
942 ## - ADDED ENTRY ELEMENTS (KOHA)
Koha item type Book
Holdings
Withdrawn status Lost status Damaged status Not for loan Collection code Permanent Location Current Location Shelving location Date acquired Total Checkouts Full call number Barcode Checked out Date last seen Date last checked out Price effective from Koha item type
        Computer Science Central Library (CL) Central Library (CL) First Floor - Computer Science 03/16/2016 2 001.42 QUA S3H-N-30 10/25/2019 06/27/2019 06/27/2019 03/16/2016 Book
© 2023 Central Library, National University of Sciences and Technology. All Rights Reserved.